| 000 | 00491nam a2200181Ia 4500 | ||
|---|---|---|---|
| 003 | GCL | ||
| 008 | 140319s9999 xx 000 0 eng d | ||
| 040 |
_aGCL / _cGCL |
||
| 082 | 0 | 4 |
_a843 _bMA |
| 100 | 1 | _aMARQUEZ, GABRIEL G. | |
| 245 | 1 | 0 |
_aL'AVENTURE DE MIGUEL LITTIN : CLANDESTIN AU CHILI / _cMARQUEZ, GABRIEL G. |
| 260 |
_a[S.N] : _bSYLVIE MESSINGER ، _c1986 |
||
| 300 | _a187 | ||
| 650 | 0 | 4 | _aLITERATURE |
| 650 | 0 | 4 | _aFRENCH LITERATURE |
| 650 | 0 | 4 | _aLITTIN, MIGUEL |
| 942 |
_2ddc _cBK |
||
| 999 |
_c25308 _d25308 |
||